| 000 | 00813nam a2200193 a 4500 | ||
|---|---|---|---|
| 005 | 20210223124831.0 | ||
| 008 | 030213s1995 mx r 000 0 spa d | ||
| 035 | _aUPN01000121935 | ||
| 049 | _aCG | ||
| 050 | 4 |
_aLE7.3931 _bC825 1995 |
|
| 110 | 2 |
_aUniversidad Autónoma del Estado de México. _bCoordinación General de Investigación y Estudios Avanzados |
|
| 245 | 1 | 0 |
_aCatálogo de estudios de pogrado / _cUniversidad Autónoma del Estado de México, Coordinación General de Investigación y Estudios Avanzados. |
| 260 |
_aToluca : _bUAEM, _c1995. |
||
| 300 | _a180 p. | ||
| 500 | _a"1995 Año de Sor Juana Inés de la Cruz" | ||
| 610 | 2 | 4 |
_aUNIVERSIDAD AUTONOMA DEL ESTADO DE MEXICO - _xGRADOS ACADEMICOS |
| 610 | 2 | 4 |
_aUNIVERSIDAD AUTONOMA DEL ESTADO DE MEXICO - _vPLANES Y PROGRAMAS _917793 |
| 905 | _aLibro | ||
| 999 |
_c94148 _d94148 |
||